000
00228nam a2200085Ia 4500
008
120527s9999 xx 000 0 und d
100
_a
F.R.B.KC.I
245
_a
Reducing unemployment : Current issues and policy options
942
_c
BK
999
_c
27043
_d
27043